000 00817nam a2200265 i 4500
001 bg
100 1 _aPODSZYWAŁOW, Andrzej
245 1 0 _aWycena wartości niematerialnych i prawnych w praktyce /
_cAndrzej Podszywałow, Dariusz Pelc.
250 _aStan prawny na dzień 1 marca 1999 r.
260 _aGdańsk :
_bOśrodek Doradztwa i Doskonalenia Kadr,
_c1999.
300 _a281 s. :
_bwykr. ;
_c24 cm.
504 _aBibliogr. s.280-281.
650 9 _aPrzedsiębiorstwo
_xwycena
650 9 _aZarządzanie
_xzagadnienia
650 9 _aRachunkowość
_xzagadnienia
650 9 _aWartość
_xekonomia
700 1 _aPELC, Dariusz
020 _a8371872011
040 _cBPK
041 0 _apl
080 _a334.72.003.12
920 _a83-71872-01-1
942 _cKS
008 s pl f |000 0 pol
999 _c35827
_d35827
856 _uhttp://koha.tu.koszalin.pl/cgi-bin/koha/opac-detail.pl?biblionumber=35827
_yKatalog online BPK